[Event "RUS-Cup01 Chigorin mem"]
[Site "St Petersburg"]
[Date "1997.11.02"]
[Round "2"]
[White "Biriukov, Oleg V"]
[Black "Yurtaev, Leonid"]
[Result "1/2-1/2"]
[WhiteElo "2410"]
[BlackElo "2520"]

1.d4 Nf6 2.c4 g6 3.Nc3 Bg7 4.e4 d6 5.Nf3 O-O 6.Be2 e5 7.dxe5 dxe5 8.Qxd8 Rxd8
9.Bg5 Re8 10.Nd5 Nxd5 11.cxd5 c6 12.Bc4 cxd5 13.Bxd5 Nd7 14.Nd2 Nc5 15.O-O-O Ne6
16.Be3 Nf4 17.Bxf4 exf4 18.f3 Be6 19.Nb3 Bxd5 20.Rxd5 f5 21.exf5 Re2 22.Rd2 Rxd2
23.Nxd2 gxf5 24.Re1 Kf7 25.Nb3 Rc8+ 26.Kb1 Rd8 27.Kc2 Rd6 28.Nc1 Rh6 29.h3 Rc6+
30.Kb1 Rg6 31.Re2 Bf8 32.Nd3 Bd6 33.Kc2 Kf6 34.Kd1 Rg8 35.Rc2 Re8 36.Rc4 Rg8
37.Rc2 Rg7 38.Ke1 Ke6 39.Kf2 Kd5 40.Kf1 a5 41.Nc1 Bc5 42.Rd2+ Ke6 43.Ne2 Be3
44.Rd3 Rd7 45.Rxd7 Kxd7 46.Ke1 Kd6 47.Kd1 Kc5 48.Kc2 Kc4 49.Nc3 Bd4 50.Ne2 Be5
51.Nc1 Bd6 52.Ne2 b5 53.Kd2 a4 54.Kc2 Be5 55.Nc1 h5 56.Ne2 Bc7 57.b3+ axb3+
58.axb3+ Kc5 59.Kd3 Be5  1/2-1/2

[Event "RUS-Cup01 Chigorin mem"]
[Site "St Petersburg"]
[Date "1997.11.02"]
[Round "2"]
[White "Loginov, Valery A"]
[Black "Guliev, Logman"]
[Result "1/2-1/2"]
[WhiteElo "2550"]
[BlackElo "2420"]

1.Nf3 Nf6 2.c4 g6 3.Nc3 Bg7 4.e4 d6 5.d4 O-O 6.Be2 e5 7.d5 Nbd7 8.Qc2 a5
9.Bg5 h6 10.Be3 b6 11.Nd2 Nc5 12.h4 Ng4 13.Bxg4 Bxg4 14.h5 Na6 15.f3 Bd7
16.hxg6 fxg6 17.a3 h5 18.O-O-O Bf6 19.Kb1 Bg5 20.Nf1 Nc5 21.Qf2 Bxe3 22.Qxe3 Qf6
23.Nd2 Qf4 24.Qe2 Rf7 25.g3 Qf6 26.Rh2 a4 27.Qe3 Raf8 28.Rf1 Rh7 29.Ka2 g5
30.Rfh1 h4 31.Qe1 Nd3 32.Qe3 Nc5 33.Qe1 Nd3 34.Qe3 Nc5  1/2-1/2

[Event "SG Turm Trier"]
[Site "Trier"]
[Date "1997.11.02"]
[Round "7"]
[White "Koerholz, Ludger"]
[Black "Spisak, Czeslaw"]
[Result "1-0"]
[WhiteElo "2305"]
[BlackElo "2320"]

1.c4 Nf6 2.Nc3 g6 3.d4 Bg7 4.e4 d6 5.Nf3 O-O 6.Be2 e5 7.dxe5 dxe5 8.Qxd8 Rxd8
9.Bg5 Rf8 10.O-O-O c6 11.Nxe5 Nxe4 12.Nxe4 Bxe5 13.Nd6 Bxd6 14.Rxd6 Be6 15.h4 h5
16.Rhd1 Kg7 17.f3 Na6 18.g4 hxg4 19.fxg4 Nc5 20.R1d4 a5 21.h5 gxh5 22.gxh5 Rfe8
23.Rf4 f5 24.Bf3 a4 25.Rh4 a3 26.b4 Nd7 27.Be3 Kh7 28.Bd4 Nf8 29.Bf6 Ra4
30.Bc3 Bf7 31.Bd1 Raa8 32.Bc2 Be6 33.Rf4 Kh6 34.Rxf5 Re7 35.Bd2+ Kg7 36.h6+ Kg8
37.Rg5+ Kf7 38.Rg7+ Ke8 39.Bg5 Rxg7 40.hxg7 Bxc4 41.Bd1 Kf7 42.gxf8=Q+ Kxf8
43.Kb1 Re8 44.Rd8 b6 45.Rxe8+ Kxe8 46.Be3 c5 47.bxc5 bxc5 48.Bxc5 Bd3+ 49.Kc1 Kd7
50.Bxa3 Kc7 51.Kb2 Kb7 52.Kc3 Be4 53.Bc5 Bd5 54.a4 Bc6 55.Kb4 Be4 56.Be2 Bc6
57.Bb5 Be4 58.a5 Bd5 59.a6+ Kb8 60.Ka5 Be4 61.Kb6 Bf3 62.Bd6+ Ka8 63.Bd7  1-0

[Event "Budapest FS11 IM-A"]
[Site "Budapest"]
[Date "1997.11.03"]
[Round "2"]
[White "Paschall, William M"]
[Black "Francsics, Endre"]
[Result "1-0"]
[WhiteElo "2280"]
[BlackElo "2245"]

1.d4 Nf6 2.c4 d6 3.Nc3 g6 4.e4 Nbd7 5.Nf3 Bg7 6.Be2 e5 7.O-O O-O 8.Re1 c6
9.Bf1 Qc7 10.d5 a5 11.b3 Nc5 12.Ba3 Bg4 13.h3 Bxf3 14.Qxf3 Nfd7 15.Rad1 f5
16.Qe2 fxe4 17.dxc6 bxc6 18.Nxe4 Nxe4 19.Qxe4 Rf6 20.Be2 Raf8 21.Bf3 Nc5
22.Qxc6 Qxc6 23.Bxc6 e4 24.Re2 Nd3 25.Bxe4 Nxf2 26.Rxd6 Nxe4 27.Rxf6 Nxf6
28.Bxf8 Bxf8 29.Re5 Bb4 30.c5 Bc3 31.Re6 Kf7 32.Ra6 Ke7 33.Kf1 Kd7 34.Ke2 Bd4
35.Rd6+  1-0

[Event "RUS-Cup01 Chigorin mem"]
[Site "St Petersburg"]
[Date "1997.11.03"]
[Round "3"]
[White "Shariyazdanov, Andrey"]
[Black "Riazantsev, Alexander"]
[Result "1/2-1/2"]
[WhiteElo "2465"]
[BlackElo "2275"]

1.d4 Nf6 2.c4 g6 3.Nc3 Bg7 4.e4 d6 5.Be2 O-O 6.Nf3 e5 7.O-O exd4 8.Nxd4 Re8
9.f3 Nc6 10.Be3 Nh5 11.Qd2 f5 12.Nxc6 bxc6 13.Bg5 Qd7 14.g4 Nf6 15.gxf5 gxf5
16.exf5 Qxf5 17.Bd3 Qh3 18.Ne4 Nxe4 19.Bxe4 Rb8 20.Rab1 Bf5 21.Bxf5 Qxf5
22.b3 Re6 23.Bh4 Bh6 24.f4 Qg4+ 25.Bg3 Re2 26.Qd1 Rbe8 27.Rf2 Bg7 28.Rxe2 Rxe2
29.Qd3 Rxa2 30.Re1 Qh3 31.Qe4 Qd7 32.f5 Ra1  1/2-1/2

[Event "RUS-Cup01 Chigorin mem"]
[Site "St Petersburg"]
[Date "1997.11.04"]
[Round "4"]
[White "Loginov, Valery A"]
[Black "Fedorov, Alexei"]
[Result "0-1"]
[WhiteElo "2550"]
[BlackElo "2600"]

1.Nf3 Nf6 2.c4 g6 3.Nc3 Bg7 4.e4 d6 5.d4 O-O 6.Be2 e5 7.d5 a5 8.Be3 Ng4 9.Bg5 f6
10.Bh4 Na6 11.Nd2 h5 12.a3 Bd7 13.Rb1 Nc5 14.b3 g5 15.Bg3 f5 16.h3 Nf6 17.f3 Qe8
18.Qc2 fxe4 19.fxe4 Qg6 20.b4 axb4 21.axb4 Na6 22.Nf1 c5 23.dxc6 bxc6 24.Ne3 g4
25.h4 Rfb8 26.b5 cxb5 27.cxb5 Nc5 28.O-O Ra3 29.Ned5 Nxd5 30.Bc4 Be6 31.Bxd5 Bxd5
32.Nxd5 Qxe4 33.Qxe4 Nxe4 34.Be1 Rb7 35.b6 Nc5 36.Bf2 Rd3 37.Rfd1 e4 38.Kf1 Kf7
39.Ke2 Rxd1 40.Rxd1 Nd3 41.Be3 Ke6 42.Nc7+ Kd7 43.Rf1 Be5 44.Rf5 Kc6 45.Rxh5 Rxb6
46.Bxb6 Nf4+ 47.Ke3 Nxh5 48.Ba5 d5 49.Ne6 Ng3 50.Nd8+ Kb5 51.Nf7 d4+ 52.Kf2 e3+
53.Ke1 Bf4  0-1

[Event "RUS-Cup01 Chigorin mem"]
[Site "St Petersburg"]
[Date "1997.11.04"]
[Round "4"]
[White "Iskusnyh, Sergei"]
[Black "Riazantsev, Alexander"]
[Result "1-0"]
[WhiteElo "2455"]
[BlackElo "2275"]

1.Nf3 Nf6 2.c4 g6 3.Nc3 Bg7 4.d4 O-O 5.e4 d6 6.Be2 e5 7.O-O exd4 8.Nxd4 Re8
9.f3 Nc6 10.Be3 Nh5 11.Qd2 f5 12.Nxc6 bxc6 13.c5 f4 14.Bf2 Be6 15.Rfd1 Be5
16.cxd6 cxd6 17.Bd4 Qa5 18.Bf1 Rab8 19.Qf2 Rb7 20.Bxe5 dxe5 21.Rac1 g5 22.b3 Rg7
23.Rd6 Bd7 24.Rh6 g4 25.Rxh5 gxf3 26.Rh6 fxg2 27.Bc4+ Kh8 28.Na4 Qd8 29.Nc5 Qg5
30.Qh4 Qxh4 31.Rxh4 f3 32.Kf2 Bc8 33.Rh6 Rd8 34.Bd3 Ba6 35.Bxa6 Rd2+ 36.Kxf3 g1=Q
37.Rxg1 Rxg1 38.Rxc6 Rxh2 39.Bc4 h5 40.Rh6+ Kg7 41.Ra6 h4 42.Rxa7+ Kh6 43.Ra6+ Kg5
44.Ne6+ Kh6 45.Nd4+ Kg5 46.Ne2 Rf1+ 47.Ke3 Rhf2 48.Ng1  1-0

[Event "Budapest FS11 IM-A"]
[Site "Budapest"]
[Date "1997.11.05"]
[Round "4"]
[White "Lehmann, Zoltan"]
[Black "Kahn, Evarth"]
[Result "1/2-1/2"]
[WhiteElo "2275"]
[BlackElo "2270"]

1.d4 Nf6 2.c4 g6 3.Nc3 Bg7 4.e4 d6 5.Nf3 O-O 6.Be2 e5 7.dxe5 dxe5 8.Qxd8 Rxd8
9.Bg5 Nbd7 10.Nd5 c6 11.Ne7+ Kf8 12.Nxc8 Rdxc8  1/2-1/2

[Event "RUS-Cup01 Chigorin mem"]
[Site "St Petersburg"]
[Date "1997.11.05"]
[Round "5"]
[White "Kruppa, Yuri"]
[Black "Loskutov, Oleg"]
[Result "1-0"]
[WhiteElo "2535"]
[BlackElo "2375"]

1.d4 Nf6 2.c4 g6 3.Nc3 Bg7 4.e4 d6 5.Nf3 O-O 6.Be2 e5 7.Be3 Ng4 8.Bg5 f6
9.Bh4 Nc6 10.d5 Ne7 11.Nd2 f5 12.exf5 gxf5 13.Bxg4 fxg4 14.Nde4 Qe8 15.Bxe7 Qxe7
16.Qe2 Bh6 17.O-O Qh4 18.c5 dxc5 19.Nxc5 Bg7 20.Ne6 Bxe6 21.dxe6 Rae8 22.Ne4 Kh8
23.Rac1 c6 24.Nc5 Rf5 25.Rc4 e4 26.Qxe4 Re5 27.Qc2 b5 28.Re4 Rh5 29.h3 Qg5
30.b4 Rxh3 31.Qe2 Rh5 32.Qxg4 Qh6 33.f4 Rh4 34.Qf3 Rh1+ 35.Kf2 Rxf1+ 36.Kxf1 Qh1+
37.Kf2 Qa1 38.Qb3 Qb2+ 39.Re2 Qf6 40.f5 Qh4+ 41.g3 Qh2+ 42.Kf1 Qh3+ 43.Kg1 Qh6
44.Kg2 Rd8 45.e7 Re8 46.Na6  1-0

[Event "RUS-Cup01 Chigorin mem"]
[Site "St Petersburg"]
[Date "1997.11.06"]
[Round "6"]
[White "Gladyszev, Oleg"]
[Black "Saltaev, Mihail"]
[Result "1/2-1/2"]
[WhiteElo "2420"]
[BlackElo "2490"]

1.d4 Nf6 2.c4 d6 3.Nc3 Nbd7 4.e4 e5 5.Nf3 g6 6.Be2 Bg7 7.O-O O-O 8.Be3 Ng4
9.Bg5 f6 10.Bd2 Nh6 11.d5 Nf7 12.Ne1 f5 13.Nd3 Nf6 14.f3 f4 15.c5 h5 16.cxd6 cxd6
17.a4 g5 18.Be1 Bh6 19.Nf2 Kh8 20.h3 Rg8 21.Ra3 Rg7 22.Qc2 a6 23.a5 g4 24.fxg4 hxg4
25.hxg4 Nxg4 26.Nxg4 Bxg4 27.Bxg4 Rxg4 28.Nd1 Qg5 29.Rh3 Rg8 30.Rh2 Qg6 31.Qe2 Rg7
32.Bh4 Kg8 33.Qc2 Kh7 34.Kh1 Ng5 35.Bxg5 Rxg5 36.Rf3 Rg3 37.Qe2 Kg8 38.Nc3 Bg5
39.Rh3 Rxh3+ 40.Rxh3 Bd8 41.b4 b5 42.Qf2 Bc7 43.Qg1 Bb8 44.Qh2 Ba7 45.Rh8+ Kf7
46.Qh3 Qg4 47.Kh2 Qxh3+ 48.Rxh3 Bf2 49.Ne2 Be1 50.Rb3 Kf6 51.Kg1 Rc7 52.g3 Bxg3
53.Nxg3 Rg7 54.Kf2 Rxg3 55.Rb1 Re3 56.Rc1 Rxe4 57.Rc6 Rxb4 58.Rxd6+ Kf5 59.Rxa6 e4
60.Ra8 Rb2+ 61.Kg1 e3 62.Re8 Kg4 63.d6 Kg3 64.Rg8+ Kf3 65.a6 e2 66.Re8 Kg3
67.Rg8+ Kf3 68.Re8 Rb1+ 69.Kh2 e1=Q 70.Rxe1 Rxe1 71.d7 Re2+ 72.Kh3 Re1 73.Kh2 Re2+
74.Kh3 Re1  1/2-1/2

[Event "RUS-Cup01 Chigorin mem"]
[Site "St Petersburg"]
[Date "1997.11.06"]
[Round "6"]
[White "Popov, Valerij"]
[Black "Yurtaev, Leonid"]
[Result "0-1"]
[WhiteElo "2440"]
[BlackElo "2520"]

1.Nf3 Nf6 2.c4 g6 3.Nc3 Bg7 4.e4 d6 5.d4 O-O 6.Be2 e5 7.O-O Nbd7 8.Re1 c6
9.Bf1 h6 10.Rb1 Nh7 11.d5 c5 12.b4 f5 13.Ba3 b6 14.Qa4 Ndf6 15.Bd3 Bd7 16.Qa6 Nh5
17.bxc5 dxc5 18.exf5 Nf4 19.fxg6 Ng5 20.Be4 Nxg2 21.Kxg2 Bh3+ 22.Kh1 Nxf3
23.Re3 Qh4 24.Rxf3 Rxf3 25.Bxf3 Qxf2 26.Be4 Rf8  0-1

[Event "Budapest FS11 IM-A"]
[Site "Budapest"]
[Date "1997.11.07"]
[Round "6"]
[White "Gonzalez Garcia, Jose"]
[Black "Karatorossian, David"]
[Result "1-0"]
[WhiteElo "2420"]
[BlackElo "2335"]

1.d4 Nf6 2.Nf3 g6 3.c4 Bg7 4.Nc3 O-O 5.e4 d6 6.Be2 e5 7.Be3 Ng4 8.Bg5 f6
9.Bh4 Nc6 10.d5 Ne7 11.Nd2 Nh6 12.f3 c5 13.dxc6 bxc6 14.b4 Be6 15.Nb3 d5
16.O-O d4 17.Na4 g5 18.Nac5 Bf7 19.Be1 Ng6 20.g3 Kh8 21.Na5 Qc7 22.Na6 Qd7
23.a4 f5 24.Bd3 g4 25.Nc5 Qc8 26.fxg4 fxg4 27.Bd2 Bg8 28.Qe2 Rxf1+ 29.Rxf1 Nf8
30.Ncb7 Qc7 31.c5 Be6 32.Nd6 Qd7 33.Nf5 Ng8 34.Qxg4 Ng6 35.Nc4 Rf8 36.Ncd6 Nf6
37.Qe2 Ne8 38.Nxe8 Qxe8 39.b5 Qd7 40.b6 axb6 41.cxb6 c5 42.Bb5 Qb7 43.a5 c4
44.Bxc4 Bxc4 45.Qxc4 Qxe4 46.Nd6 Rxf1+ 47.Qxf1 Qd5 48.b7 Qxd6 49.Qb5 Qb8
50.a6 d3 51.Qb6  1-0

[Event "RUS-Cup01 Chigorin mem"]
[Site "St Petersburg"]
[Date "1997.11.07"]
[Round "7"]
[White "Gladyszev, Oleg"]
[Black "Zakharevich, Igor"]
[Result "1/2-1/2"]
[WhiteElo "2420"]
[BlackElo "2515"]

1.d4 Nf6 2.c4 g6 3.Nc3 Bg7 4.e4 d6 5.Be2 O-O 6.Nf3 e5 7.O-O Qe8 8.dxe5 dxe5
9.Be3 b6 10.c5 Na6 11.Nd2 Nxc5 12.Bxc5 bxc5 13.Na4 Qc6 14.Qc2 Bh6 15.Nc4 Bd7
16.Nc3 Qe6 17.Rad1 Bc6 18.Na5 Rab8 19.Bc4 Qe8 20.Nxc6 Qxc6 21.Nd5 Rfe8 22.Nxf6+ Qxf6
23.Rd7 Re7 24.Rfd1 Rb6 25.b3 Rd6 26.R1xd6 cxd6 27.Rxe7 Qxe7 28.Qd3 Bc1 29.Qc2 Ba3
30.g3 h5 31.Kg2 h4 32.Qe2 Qf6 33.Qg4 hxg3 34.hxg3 Bb2 35.Qh4 Qxh4 36.gxh4 Kg7
37.a4 f5 38.f3 Bc3 39.Kh3 Be1 40.Be6 Kf6 41.Bd5 Bf2 42.Bc4 Be1 43.Bd5 g5
44.hxg5+ Kxg5 45.Kg2 f4 46.Kf1  1/2-1/2

[Event "AUT-chT2O 9798"]
[Site "Austria"]
[Date "1997.11.09"]
[Round "3"]
[White "Pfeiffer, Gregor"]
[Black "Boehm, Hermann"]
[Result "1/2-1/2"]
[WhiteElo "2135"]
[BlackElo "2175"]

1.d4 Nf6 2.Nf3 g6 3.c4 Bg7 4.Nc3 O-O 5.e4 d6 6.Be2 Nbd7 7.O-O e5 8.dxe5 dxe5
9.b3 Re8 10.Qc2 c6 11.Rd1 Qc7 12.Na4 Nf8 13.Ba3 Bg4 14.Bd6 Qc8 15.Nc3 Nh5
16.h3 Bxf3 17.Bxf3 Nf4 18.Ne2 Nxe2+  1/2-1/2

[Event "Budapest FS11 IM-A"]
[Site "Budapest"]
[Date "1997.11.11"]
[Round "10"]
[White "Gonzalez Garcia, Jose"]
[Black "Paschall, William M"]
[Result "1/2-1/2"]
[WhiteElo "2420"]
[BlackElo "2280"]

1.d4 g6 2.c4 Bg7 3.e4 d6 4.Nc3 Nf6 5.Be2 O-O 6.Nf3 e5 7.Be3 Na6 8.O-O Ng4
9.Bg5 Qe8 10.dxe5 dxe5 11.h3 h6 12.Bd2 Nf6 13.Be3 Nh5 14.Re1 Nf4 15.Bf1 Ne6
16.a3 c6 17.b4 Qe7 18.Ra2 Nac7 19.Rd2 Rd8 20.Rxd8+ Qxd8 21.Qxd8+ Nxd8 22.Rd1 Nde6
23.c5 Kf8 24.Na4 Ke7 25.Nd2 Nb5 26.Nc4 f6 27.Rd3 Ng5  1/2-1/2

[Event "Budapest FS11 IM-B"]
[Site "Budapest"]
[Date "1997.11.11"]
[Round "10"]
[White "Szeberenyi, Adam"]
[Black "Pinter, Gabor"]
[Result "1-0"]
[WhiteElo "2215"]
[BlackElo "2155"]

1.d4 Nf6 2.c4 g6 3.Nc3 Bg7 4.e4 d6 5.Be2 O-O 6.Nf3 e5 7.O-O exd4 8.Nxd4 c6
9.Kh1 Nbd7 10.Bg5 h6 11.Be3 Re8 12.f3 d5 13.cxd5 cxd5 14.Ndb5 Nb6 15.Bf4 Nh5
16.Bc7 Qh4 17.exd5 Be5 18.Bxe5 Rxe5 19.Qe1 Qg5 20.Ne4 Qe3 21.Nc7 Rb8 22.Bb5 Qxe1
23.Rfxe1 a6 24.Bf1 Kg7 25.Nd6 Nd7 26.Rac1 Kg8 27.Rxe5 Nxe5 28.Nxa6 bxa6 29.Rxc8+ Rxc8
30.Nxc8 a5 31.Ne7+ Kf8 32.Nc6 Nxc6 33.dxc6 Ke7 34.Bc4 f6 35.Kg1 g5 36.Kf2 Kd6
37.Bd5 f5 38.Bf7 Ng7 39.f4 Kxc6 40.fxg5 hxg5 41.Ke3 Kc5 42.a3 Kd6 43.Kd4 Ke7
44.Bg8 Kf6 45.b4 axb4 46.axb4  1-0

[Event "DEN-chT 9798"]
[Site "Denmark"]
[Date "1997.11.15"]
[Round "2"]
[White "Pedersen, Steffen"]
[Black "Mortensen, Erling"]
[Result "1-0"]
[WhiteElo "2420"]
[BlackElo "2450"]

1.d4 g6 2.c4 Bg7 3.Nc3 d6 4.Nf3 Nd7 5.e4 e5 6.Be2 Ngf6 7.O-O O-O 8.Be3 Ng4
9.Bg5 f6 10.Bd2 Nh6 11.Qc2 c6 12.d5 c5 13.Ne1 f5 14.Nd3 Nf6 15.f3 f4 16.Rab1 Nf7
17.b4 b6 18.bxc5 bxc5 19.Rb3 h5 20.Rfb1 g5 21.Rb8 Rxb8 22.Rxb8 g4 23.Nb5 Nd7
24.Ra8 g3 25.h3 Nb6 26.Rxa7 Qh4 27.Bf1 Ng5 28.Ne1 Rf6 29.Ba5 Rg6 30.Bxb6 Bxh3
31.Nxd6 Bg4 32.Bd3 Qh2+ 33.Kf1 Qh1+ 34.Ke2 Rxd6 35.Bxc5 Rg6 36.Qa4 Nxf3 37.gxf3 Bxf3+
38.Nxf3 Qg2+ 39.Kd1 Qxf3+ 40.Kc2 g2 41.Bg1 Kh7 42.Qe8 Qe3 43.Qxe5 Qxg1 44.Qxh5+ Kg8
45.Ra8+ Kf7 46.Qf5+ Rf6 47.Qh5+ Rg6 48.e5 Qf2+ 49.Kb3 g1=Q 50.Qf5+ Bf6 51.Qd7+ Be7
52.Qe8+ Kg7 53.Qxe7+ Kh6 54.Rh8+  1-0

[Event "Andalucia-chT"]
[Site "Torredelcampo"]
[Date "1997.11.15"]
[Round "3"]
[White "Sanchez Jimenez, Juan Carlos"]
[Black "Teran Alvarez, Ismael"]
[Result "1/2-1/2"]
[WhiteElo "2235"]
[BlackElo "2350"]

1.d4 Nf6 2.Nf3 g6 3.c4 Bg7 4.Nc3 O-O 5.e4 d6 6.Be2 e5 7.dxe5 dxe5 8.Qxd8 Rxd8
9.Bg5 c6 10.Nxe5 Re8 11.O-O-O Na6 12.Rd6 Nxe4 13.Nxe4 Bxe5 14.Nf6+ Bxf6 15.Bxf6 Bf5  1/2-1/2

[Event "DEN-chT 9798"]
[Site "Denmark"]
[Date "1997.11.16"]
[Round "3"]
[White "Skytte, Rasmus"]
[Black "Antonsen, Mikkel"]
[Result "1/2-1/2"]
[WhiteElo "2195"]
[BlackElo "2410"]

1.d4 Nf6 2.c4 g6 3.Nc3 Bg7 4.e4 d6 5.Be2 O-O 6.Nf3 e5 7.d5 Na6 8.Nd2 c6 9.h4 Bd7
10.Rb1 Rc8 11.h5 cxd5 12.cxd5 Nc5 13.g4 gxh5 14.gxh5 Bh6 15.f3 Ne8 16.Nc4 Bxc1
17.Qxc1 f5 18.Qh6 Qf6 19.Rg1+ Ng7 20.Qg5 Qxg5 21.Rxg5 Rf6 22.Kd2 Kf7 23.b4 Na4
24.Nxa4 Bxa4 25.Rbg1 Ne8 26.Rxf5 Rxf5 27.exf5 Bd7 28.Bd3 b5 29.Ne3 Nf6 30.h6 Rg8
31.Rc1 Ne8 32.Ra1  1/2-1/2

[Event "Bayern-chI Bank Hofmann"]
[Site "Bad Wiessee"]
[Date "1997.11.18"]
[Round "4"]
[White "Heuer, Thomas"]
[Black "Kaminski, Marcin"]
[Result "1/2-1/2"]
[WhiteElo "2260"]
[BlackElo "2540"]

1.Nf3 Nf6 2.c4 g6 3.Nc3 Bg7 4.e4 O-O 5.d4 d6 6.Be2 e5 7.O-O exd4 8.Nxd4 Re8
9.f3 Nc6 10.Be3 Nh5 11.Qd2 Nxd4 12.Bxd4 Nf4 13.Be3 Nxe2+ 14.Nxe2 f5 15.Nc3 Be6
16.exf5 Bxc4 17.fxg6 hxg6 18.Rfd1 Bf6 19.Rac1 Bf7 20.Nb5 c6  1/2-1/2

[Event "Bayern-chI Bank Hofmann"]
[Site "Bad Wiessee"]
[Date "1997.11.19"]
[Round "5"]
[White "Gavrikov, Viktor"]
[Black "Dvorietzky, Mark I"]
[Result "1-0"]
[WhiteElo "2575"]
[BlackElo "2475"]

1.c4 g6 2.d4 Bg7 3.Nf3 Nf6 4.Nc3 d6 5.e4 O-O 6.Be2 e5 7.O-O exd4 8.Nxd4 Re8
9.f3 Nc6 10.Be3 Nh5 11.Qd2 Nxd4 12.Bxd4 Nf4 13.Rfd1 Bxd4+ 14.Qxd4 Qg5 15.Bf1 Be6
16.g3 Nh5 17.Bg2 Qe5 18.f4 Qxd4+ 19.Rxd4 f6 20.b3 Re7 21.Rd2 Rb8 22.Rf1 Ng7
23.f5 gxf5 24.exf5 Bf7 25.g4 Ne8 26.Rf4 c6 27.Kf2 a5 28.Rfd4 Re5 29.Ne4 Kg7
30.Nxd6 Nxd6 31.Rxd6 h5 32.h3 hxg4 33.hxg4 Rbe8 34.Bf3 a4 35.Rd7 R8e7 36.Rxe7 Rxe7
37.Rd6 axb3 38.axb3 Rc7 39.Ke3 Be8 40.Kf4  1-0

[Event "Bayern-chI Bank Hofmann"]
[Site "Bad Wiessee"]
[Date "1997.11.19"]
[Round "5"]
[White "Taggatz, Mario"]
[Black "Stoeber, Michael"]
[Result "1/2-1/2"]
[WhiteElo "2235"]
[BlackElo "2290"]

1.d4 g6 2.c4 Nf6 3.Nc3 Bg7 4.e4 d6 5.Be2 O-O 6.Nf3 Nbd7 7.O-O e5 8.Re1 c6
9.Bf1 exd4 10.Nxd4 Re8 11.f3 d5 12.cxd5 cxd5 13.Ndb5 a6 14.Na3 dxe4 15.fxe4 Qb6+
16.Kh1 Ne5 17.Nd5 Nxd5 18.exd5 Bg4 19.Be2 Bxe2 20.Qxe2 Ng4 21.Qxe8+ Rxe8
22.Rxe8+ Bf8 23.h3 Nf2+ 24.Kh2 Qd6+ 25.Kg1 Qg3 26.Bh6 Nxh3+  1/2-1/2

[Event "Bayern-chI Bank Hofmann"]
[Site "Bad Wiessee"]
[Date "1997.11.21"]
[Round "7"]
[White "Duppel, Matthias"]
[Black "Kranzl, Peter"]
[Result "0-1"]
[WhiteElo "2315"]
[BlackElo "2265"]

1.Nf3 Nf6 2.c4 g6 3.Nc3 Bg7 4.e4 d6 5.d4 O-O 6.Be2 e5 7.O-O exd4 8.Nxd4 Re8
9.f3 Nc6 10.Be3 Nh5 11.Nxc6 bxc6 12.Qd2 c5 13.Rad1 Bb7 14.Nd5 Bxd5 15.cxd5 Qb8
16.Rb1 a5 17.g4 Nf6 18.a4 Qb3 19.Bb5 Nxd5 20.Bf2 Nb6 21.Bxe8 Rxe8 22.Qd1 Qxd1
23.Rfxd1 Nxa4 24.Rd2 Rb8 25.Rc2 Nxb2 26.Be1 a4 27.Bc3 Bxc3 28.Rxc3 Rb4 29.Ra3 c4
30.Kf1 c5 31.Ke2 g5 32.Rba1 Kg7 33.Kd2 Nd3 34.Rxa4 Rb2+ 35.Ke3 Ne5 36.R4a3 Rxh2
37.Rd1 Nd3 38.Rd2 Rh1 39.Rc3 Re1+ 40.Re2 Rxe2+ 41.Kxe2 Ne5 42.Ra3 Kf6 43.Ra8 Nc6
44.Kd2 Nd4 45.Kc3 Nxf3 46.Kxc4 Ne5+ 47.Kd5 Nxg4 48.Kxd6 h5 49.Rc8 Nf2 50.e5+ Kg7
51.Ra8 h4 52.Ra7 Ne4+ 53.Ke7 Kg6 54.e6 fxe6 55.Kxe6 Ng3 56.Kd5 g4 57.Ke5 Kg5
58.Ra8 h3 59.Rg8+ Kh4 60.Kf4 Ne2+ 61.Kf5 Nd4+ 62.Kf4 Ne6+ 63.Kf5 h2 64.Kxe6 Kg3
65.Rh8 c4 66.Kf5 c3  0-1

[Event "Bayern-chI Bank Hofmann"]
[Site "Bad Wiessee"]
[Date "1997.11.21"]
[Round "7"]
[White "Gavrikov, Viktor"]
[Black "Iordachescu, Viorel"]
[Result "1/2-1/2"]
[WhiteElo "2575"]
[BlackElo "2500"]

1.c4 Nf6 2.Nc3 g6 3.e4 d6 4.d4 Bg7 5.Nf3 O-O 6.Be2 e5 7.Be3 exd4 8.Nxd4 Re8
9.f3 c6 10.Bf2 d5 11.exd5 cxd5 12.O-O Nc6 13.c5 Nh5 14.Qd2 Be5 15.g3 Ng7
16.Rfd1 Ne6 17.Nxe6 Bxe6 18.f4 Bxc3 19.Qxc3 Bf5 20.Bf3  1/2-1/2

[Event "Asker 75th"]
[Site "Asker"]
[Date "1997.11.22"]
[Round "1"]
[White "Gausel, Einar"]
[Black "Nataf, Igor Alexandre"]
[Result "1/2-1/2"]
[WhiteElo "2540"]
[BlackElo "2440"]

1.c4 Nf6 2.Nc3 g6 3.e4 d6 4.d4 Bg7 5.Be2 O-O 6.Nf3 e5 7.Be3 exd4 8.Nxd4 Re8
9.f3 c6 10.Qd2 d5 11.exd5 cxd5 12.O-O Nc6 13.Rad1 Nxd4 14.Bxd4 dxc4 15.Bxc4 Be6
16.Bb5 Rf8 17.Qf2 a6 18.Bc5 Qc7 19.Bd6 Qc8 20.Bxf8 Bxf8 21.Qh4 Be7 22.Bd3 Nd5
23.Qe1 Ne3 24.Rc1 Nxf1 25.Qxf1 Qc5+ 26.Kh1 Rd8 27.Be4 Qb4 28.Qf2 Bc5 29.Qc2 Be3
30.a3 Qc4 31.Rd1 Rd2 32.Qb1 Rf2 33.Nd5 Bd4 34.b3 Qc5 35.b4 Qc4 36.Nf4 Rb2
37.Qa1 Ra2 38.Qb1 Rb2 39.Qa1 Rxb4 40.Nxe6 fxe6 41.Qc1 Qxc1 42.Rxc1 Ra4 43.Rc8+ Kg7
44.Rc7+ Kf6 45.Rxb7 Rxa3 46.g3 h5 47.h4 Bf2 48.Kg2 Ra2 49.Rc7 a5 50.Rc2 Rxc2
51.Bxc2 Be1 52.f4 Bc3 53.Kf3 Be1  1/2-1/2

[Event "Bayern-chI Bank Hofmann"]
[Site "Bad Wiessee"]
[Date "1997.11.22"]
[Round "8"]
[White "Gabriel, Christian"]
[Black "Xie Jun"]
[Result "1-0"]
[WhiteElo "2575"]
[BlackElo "2495"]

1.d4 Nf6 2.c4 g6 3.Nc3 Bg7 4.e4 d6 5.Nf3 O-O 6.Be2 e5 7.d5 a5 8.h3 Na6 9.Bg5 h6
10.Be3 Nc5 11.Nd2 Nh7 12.g4 f5 13.exf5 gxf5 14.Rg1 Kh8 15.Qc2 Na6 16.gxf5 Nb4
17.Qb1 Bxf5 18.Nde4 Qh4 19.Bg4 Bxg4 20.hxg4 Rf3 21.Ke2 Raf8 22.a3 Na6 23.Rg2 Rh3
24.Qc2 b6 25.Rag1 Nb8 26.Rg3 Rxg3 27.Rxg3 Nd7 28.Nb5 Rc8 29.Nd2 Nc5 30.Nf3 Qe7
31.g5 h5 32.Nh4 Qd7 33.Qg6 Rf8 34.Qxh5 Kg8 35.Ng6 Rf5 36.Qh3 Rf7 37.Qxd7 Rxd7
38.Bxc5 bxc5 39.b3 Bf8 40.f4 Rf7 41.fxe5 dxe5 42.Nxe5 Re7 43.Re3 Nxg5 44.Nc6 Rh7
45.Rg3 Rh2+ 46.Kd3 Bh6 47.Nxc7 Rb2 48.Nxa5 Kf7 49.d6 Nh7 50.Rf3+ Nf6 51.Nd5 Rd2+
52.Kc3  1-0

[Event "AUT-chT2S 9798"]
[Site "Austria"]
[Date "1997.12.07"]
[Round "6"]
[White "Petran, Pal"]
[Black "Tratar, Marko"]
[Result "1-0"]
[WhiteElo "2385"]
[BlackElo "2395"]

1.d4 Nf6 2.c4 g6 3.Nc3 Bg7 4.e4 d6 5.Be2 O-O 6.Nf3 e5 7.O-O Na6 8.Be3 c6
9.a3 exd4 10.Nxd4 Re8 11.f3 d5 12.cxd5 Nxd5 13.Nxd5 cxd5 14.Nb5 Be6 15.Bd4 dxe4
16.fxe4 Bxd4+ 17.Qxd4 Re7 18.Nd6 Nb8 19.Rfd1 Nc6 20.Qc5 Qa5 21.Bb5 a6 22.b4 Qc7
23.Bxc6 Qxc6 24.Qxc6 bxc6 25.Rdc1 Bd7 26.Rc5 Rf8 27.e5 Re6 28.Ne4 Kg7 29.Nf6 Bc8
30.Rd1 Re7 31.Rd6 Bb7 32.h4 h5 33.Kf2 Ra8 34.Ke3 Kf8  1-0

[Event "CZE-chT 9798"]
[Site "CZE"]
[Date "1997.12.13"]
[Round "3"]
[White "Stocek, Jiri"]
[Black "Movsesian, Sergei"]
[Result "1-0"]
[WhiteElo "2450"]
[BlackElo "2595"]

1.d4 Nf6 2.c4 g6 3.Nc3 Bg7 4.e4 d6 5.Be2 O-O 6.Nf3 e5 7.O-O Na6 8.Re1 Qe8
9.dxe5 dxe5 10.b3 Qe7 11.Nd5 Qd6 12.Bb2 Nh5 13.Qc1 c6 14.Ba3 Nc5 15.Qe3 b6
16.Nc3 Nf4 17.Rad1 Qe7 18.Na4 Nfe6 19.Bf1 Re8 20.Rd2 Qf8 21.Rdd1 Qe7 22.Re2 h5
23.Red2 Nd4 24.h3 Be6 25.Nxd4 exd4 26.Rxd4 Bxd4 27.Rxd4 Rad8 28.Nxc5 bxc5
29.Bxc5 Qc7 30.Qg5 Rd7 31.Rxd7 Qxd7 32.Be2 Qd8 33.Qe3 Qa5 34.Bd4 Kh7 35.a4 Bf5
36.Bc3 Qb6 37.Qg5 Be6 38.Bxh5 Rg8 39.Bf3 Qd8 40.Bf6  1-0

[Event "Raiffeisen op-A 6th"]
[Site "Aschach"]
[Date "1997.12.26"]
[Round "1"]
[White "Schneider Zinner, Harald"]
[Black "Mayer, Josef"]
[Result "1-0"]
[WhiteElo "2265"]
[BlackElo "2010"]

1.d4 Nf6 2.Nf3 g6 3.c4 Bg7 4.Nc3 O-O 5.e4 d6 6.Be2 e5 7.d5 a5 8.Bg5 h6 9.Bh4 Na6
10.Nd2 h5 11.a3 Bh6 12.f3 Nc5 13.Nb3 b6 14.Nxc5 bxc5 15.Nb5 g5 16.Bf2 Kg7
17.Be3 Rh8 18.Qd2 g4 19.Bg5 Kg6 20.h4 gxh3 21.Bxh6 Rxh6 22.gxh3 Kh7 23.O-O-O Bd7
24.Rdg1 Bxb5 25.cxb5 Rg6 26.Rg5 Rxg5 27.Qxg5 Qe7 28.Qf5+ Kh6 29.Rg1 Rg8 30.Rxg8 Nxg8
31.f4 Qh4 32.fxe5 dxe5 33.Qxe5 Qe1+ 34.Bd1 Qe3+ 35.Kb1 Qd3+ 36.Bc2 Qf1+ 37.Ka2 Nf6
38.h4 Qc4+ 39.Bb3 Qf1 40.Qg5+ Kh7 41.e5 Ng8 42.Bc2+ Kh8 43.Qf5 Qxf5 44.Bxf5 Ne7
45.d6  1-0

[Event "Rishon Le Ziyyon 9798"]
[Site "Rishon Le Ziyyon"]
[Date "1997.12.26"]
[Round "2"]
[White "Rapoport, Evgeny"]
[Black "Kanstler, Boris"]
[Result "0-1"]
[WhiteElo "2310"]
[BlackElo "2535"]

1.d4 Nf6 2.c4 g6 3.Nc3 Bg7 4.e4 O-O 5.Nf3 d6 6.Be2 e5 7.O-O exd4 8.Nxd4 Re8
9.f3 Nc6 10.Be3 Nh5 11.Qd2 Nf4 12.Bxf4 Nxd4 13.Bd3 Be6 14.Rad1 c6 15.Rfe1 a6
16.Bf1 c5 17.Bg5 Qa5 18.Qf2 b5 19.Qg3 b4 20.Nd5 Bxd5 21.cxd5 Qxa2 22.Qxd6 Qxb2
23.Bxa6 Be5 24.Qd7 Nxf3+ 25.gxf3 Qxh2+ 26.Kf1 Bg3 27.Be3 Qh1+ 28.Ke2 Qg2+
29.Kd3 Qxf3 30.Rf1 Qxe4+ 31.Kd2 Qxe3+ 32.Kc2 Rxa6  0-1

[Event "Raiffeisen op-A 6th"]
[Site "Aschach"]
[Date "1997.12.27"]
[Round "3"]
[White "Stanec, Nikolaus"]
[Black "Roeberg, Frank"]
[Result "1-0"]
[WhiteElo "2465"]
[BlackElo "2245"]

1.c4 g6 2.Nc3 Bg7 3.d4 d6 4.Nf3 Nf6 5.e4 O-O 6.Be2 e5 7.d5 a5 8.Bg5 Na6 9.Nd2 Qe8
10.Rb1 Bd7 11.b3 h6 12.Be3 Nh7 13.a3 f5 14.f3 Qe7 15.b4 axb4 16.axb4 f4 17.Bf2 Bf6
18.Qb3 Bh4 19.g3 Bg5 20.Nf1 Bh3 21.Rg1 fxg3 22.hxg3 Rf7 23.Nh2 h5 24.Ra1 Raf8
25.c5 Bh6 26.c6 Ng5 27.cxb7 Nb8 28.Ra8 Bd7 29.Ba7 Nh3 30.Rg2 Qg5 31.Nf1 Rxf3
32.Bxf3 Rxf3 33.Rxb8+ Kh7 34.Rh8+ Kxh8 35.b8=Q+ Kh7 36.Qxc7 Rf7 37.Nd1 Qf6
38.Qd3 Ba4 39.Qxf7+ Qxf7 40.Be3  1-0